Caminos de la educomunicación: utopías, confrontaciones, reconocimientos /

保存先:
書誌詳細
第一著者: Oliveira Soares, Ismar de
フォーマット: テキスト
タグ: タグ追加
タグなし, このレコードへの初めてのタグを付けませんか!

MARC

LEADER 00000 a a2200000 04500
001 10211
003
040
100 |a Oliveira Soares, Ismar de  
245 |a Caminos de la educomunicación:   |b utopías, confrontaciones, reconocimientos /  |c Ismar de Oliveira Soares 
773 |g número 30; páginas 194-207  
999 |c 25304  |d 25304